Оптимизация параметров изображения в газоразрядных рентгеновских преобразователях; Современные техника и технологии

Podrobná bibliografie
Parent link:Современные техника и технологии.— 1997.— С. 49-50.
Hlavní autor: Ланшаков В. Н.
Další autoři: Ковалева Л. Э., Кулешов В. К. Валерий Константинович
Jazyk:ruština
Vydáno: 1997
Témata:
Médium: MixedMaterials Kapitola
KOHA link:https://koha.lib.tpu.ru/cgi-bin/koha/opac-detail.pl?biblionumber=50233

MARC

LEADER 00000naa2a2200000 4500
001 50233
005 20231031032800.0
035 |a (RuTPU)RU\TPU\book\52600 
035 |a RU\TPU\book\52594 
090 |a 50233 
100 |a 20030411d1997 k y0rusy50 ca 
101 0 |a rus 
102 |a RU 
200 1 |a Оптимизация параметров изображения в газоразрядных рентгеновских преобразователях  |f В. Н. Ланшаков, Л. Э. Ковалева, В. К. Кулешов 
463 1 |0 (RuTPU)RU\TPU\book\13018  |t Современные техника и технологии  |o Труды 3-ей областной научно-практической конференции студентов, аспирантов и молодых ученых, 25-28 марта 1997 г., г. Томск  |f Томский политехнический университет  |v С. 49-50.  |d 1997  |p 148 с. 
610 1 |a труды учёных ТПУ 
675 |a 62.001.5(063)  |v 3 
700 1 |a Ланшаков  |b В. Н. 
701 1 |a Ковалева  |b Л. Э. 
701 1 |a Кулешов  |b В. К.  |c специалист в области неразрушающего контроля  |c профессор Томского политехнического университета, доктор технических наук  |f 1939-  |g Валерий Константинович  |2 stltpush  |3 (RuTPU)RU\TPU\pers\19828 
801 1 |a RU  |b 63413507  |c 20030409  |g PSBO 
801 2 |a RU  |b 63413507  |c 20120418  |g PSBO 
942 |c BK